Settlement history around the sea of Galilee from the Neolithic to the Persian Period /

محفوظ في:

المؤلف الرئيسي: Zwickel, Wolfgang (مؤلف)

التنسيق: كتاب

اللغة: English

منشور في: Munster : Ugarit-Verlag, 2017.

سلاسل: Agypten und Altes Testament ; 86.
AAT ; 86.

الموضوعات:

الوسوم: إضافة وسم

لا توجد وسوم, كن أول من يضع وسما على هذه التسجيلة!

رقم الطلب: DT57 .A95 v.86

LEADER 00963namaa2200277 4500
003 OSt
005 20260331121033.0
008 130303s2017 gw ab b 001 0 eng d
020 |a 9783868352412 
020 |a 3868352414 
040 |c ARCE Library 
050 4 |a DT57 .A95 v.86 
100 1 |a Zwickel, Wolfgang,  |e author  |9 42751 
245 1 0 |a Settlement history around the sea of Galilee from the Neolithic to the Persian Period /  |c Wolfgang Zwickel. 
264 1 |a Munster :  |b Ugarit-Verlag,  |c 2017. 
300 |a x, 400 pages :  |b Illustrations, maps ;  |c 31 cm. 
490 1 |a Agypten und Altes Testament ;  |v 86. 
490 1 |a AAT ;   |v 86. 
505 |a Includes bibliographical references (pages 306-357) and indexes. 
650 0 |a Land settlement  |z Israel  |z Tiberias, Lake  |x History. 
650 0 |a Tiberias, Lake (Israel)  |x Antiquities.  |9 554 
830 0 |a Agypten und Altes Testament ;  |v 86. 
830 0 |a AAT ;   |v 86. 
901 |a reviewed 
942 |c BK  |2 lcc 
999 |c 764  |d 764